<?xml version="1.0" encoding="UTF-8"?>
<collection xmlns="http://www.loc.gov/MARC21/slim">
 <record>
  <leader>01400nam a22001937a 4500</leader>
  <controlfield tag="001">NCT_149265</controlfield>
  <controlfield tag="008">230503b        xxu||||| |||| 00| 0 vie d</controlfield>
  <datafield tag="999" ind1=" " ind2=" ">
   <subfield code="c">7696</subfield>
   <subfield code="d">7696</subfield>
  </datafield>
  <datafield tag="020" ind1=" " ind2=" ">
   <subfield code="c">$ 18000</subfield>
  </datafield>
  <datafield tag="082" ind1="0" ind2="4">
   <subfield code="2">23rd ed.</subfield>
   <subfield code="a">968.06</subfield>
   <subfield code="b">M272</subfield>
  </datafield>
  <datafield tag="100" ind1="1" ind2=" ">
   <subfield code="a">Mandela, Nelson</subfield>
  </datafield>
  <datafield tag="245" ind1="1" ind2="0">
   <subfield code="a">Long Walk to Freedom:</subfield>
   <subfield code="b">The Autobiography of Nelson Mandela</subfield>
   <subfield code="c">Nelson Mandela</subfield>
  </datafield>
  <datafield tag="260" ind1=" " ind2=" ">
   <subfield code="a">New York</subfield>
   <subfield code="b">William Jefferson Clinton</subfield>
   <subfield code="c">2013</subfield>
  </datafield>
  <datafield tag="300" ind1=" " ind2=" ">
   <subfield code="a">638 p.</subfield>
   <subfield code="c">21cm</subfield>
  </datafield>
  <datafield tag="520" ind1="3" ind2=" ">
   <subfield code="a">Nelson Mandela was one of the great moral and political leaders of his time: an international hero whose lifelong dedication to the fight against racial oppression in South Africa won him the Nobel Peace Prize and the presidency of his country. After his triumphant release in 1990 from more than a quarter-century of imprisonment, Mandela was at the center of the most compelling and inspiring political drama in the world. As president of the African National Congress and head of South Africa's antiapartheid movement, he was instrumental in moving the nation toward multiracial government and majority rule. He is still revered everywhere as a vital force in the fight for human rights and racial equality.</subfield>
  </datafield>
  <datafield tag="653" ind1=" " ind2=" ">
   <subfield code="a">Tham khảo</subfield>
  </datafield>
  <datafield tag="942" ind1=" " ind2=" ">
   <subfield code="2">ddc</subfield>
   <subfield code="c">BK</subfield>
  </datafield>
  <datafield tag="952" ind1=" " ind2=" ">
   <subfield code="0">0</subfield>
   <subfield code="1">0</subfield>
   <subfield code="2">ddc</subfield>
   <subfield code="4">0</subfield>
   <subfield code="6">968_060000000000000_M272</subfield>
   <subfield code="7">0</subfield>
   <subfield code="9">27556</subfield>
   <subfield code="a">000001</subfield>
   <subfield code="b">000001</subfield>
   <subfield code="d">2023-05-03</subfield>
   <subfield code="o">968.06 M272</subfield>
   <subfield code="p">TK.03290</subfield>
   <subfield code="r">2023-05-03</subfield>
   <subfield code="w">2023-05-03</subfield>
   <subfield code="y">BK</subfield>
  </datafield>
  <datafield tag="980" ind1=" " ind2=" ">
   <subfield code="a">Thư viện Trường Đại học Nam Cần Thơ</subfield>
  </datafield>
 </record>
</collection>
